00461nam a2200181Ia 4500008004100000020001800041245002700059245003700086245003600123260001500159260001600174260000900190300001400199300002200213300001000235440002600245500000800271170705s9999 xx 000 0 und d a9780590222953 aGets baked in a cake : ba book about kitchen chemistry / cby Joanna Cole and Bruce Degen. aNew York : bScholastic, c1995 aunpaged : bchiefly colored ; c20cm. aThe magic school bus. a510